000 00206 a2200097 4500
001 18222
100 _aRussell, R
245 _aGhalib life & letters
260 _a
_bAllen & Unwin
_c
090 _c13516
_d13516
942 _aNUST-CAE
_cM
_c3910
999 _c253295
_d253295